000 00380nam a22001697a 4500
020 _a0-521-68887-6
082 _a530
_bROW/P
100 _aHERBERT, SYDNEY
100 _aROWELL, GILBERT
245 _aPHYSICS
_bPHYSICS
246 _aPHYSICS
_bPHYSICS
260 _aUK
_bCAMBRIDGE UNIVERSITY PRESS
_c1987
300 _a410
520 _aPHYSICS
650 _aPHYSICS
942 _cBK
999 _c1470
_d1470